Sports Quiz

Random Sports or NCAA Quiz

Most Popular NCAA teams on Facebook Quiz Stats

 Plays Quiz not verified by Sporcle

Challenge
Share
Tweet
Embed
Score 0/50 Timer 07:00
0 Plays Today
Fans University % Correct
745,137University of Florida
97.3%
417,106University of North Carolina
95.5%
88,527University of Southern California
94.5%
311,967University of Oregon
92.7%
272,513University of Alabama
91.8%
88,565Duke University
91.8%
763,244University of Texas at Austin
90.9%
1,075,629The Ohio State University
90%
306,501University of Oklahoma
90%
218,294University of Tennessee
89.1%
165,684University of Washington
88.2%
525,984University of Kentucky
87.3%
176, 359Louisiana State University
87.3%
131,262University of Miami
87.3%
358,548University of Wisconsin-Madison
85.5%
155,018Florida State University
85.5%
240,558Michigan State University
84.5%
193,782Pennsylvania State University
83.6%
79,717University of Kansas
82.7%
38,998University of Notre Dame
82.7%
31,290University of Mississippi
82.7%
205,271University of South Carolina
80.9%
195,592University of Nebraska
80.9%
163,650University of Minnesota
80.9%
102,688Virginia Tech
79.1%
Fans University % Correct
351,653University of Iowa
78.2%
117,224Texas A&M University
78.2%
115,483Arizona State University
78.2%
29,085University of Illinois
78.2%
187,851University of Arkansas
77.3%
98,704Auburn University
77.3%
164,193Syracuse University
75.5%
61,941Oklahoma State University
72.7%
122,148Oregon State University
70.9%
105,015University of Missouri
70.9%
58,960Texas Tech Univesity
70%
27,727Kansas State University
70%
72,060University of Pittsburgh
68.2%
155,784West Virginia University
67.3%
52,960University of Utah
66.4%
42,523Mississippi State University
63.6%
93,321University of Louisville
61.8%
36,776Boise State University
60.9%
50,306Iowa State University
55.5%
29,659North Carolina State University
50%
101,421University of Cincinnati
45.5%
49,718University of Memphis
40.9%
44,296University of New Mexico
40.9%
37,274University of Nevada
36.4%
47,950University of North Dakota
10.9%

You're not logged in!

Compare scores with friends on all Sporcle quizzes.
Join for Free
OR
Log In

You Might Also Like...

Show Comments

Extras

Top Quizzes Today


Score Distribution

Your Account Isn't Verified!

In order to create a playlist on Sporcle, you need to verify the email address you used during registration. Go to your Sporcle Settings to finish the process.

Report this User

Report this user for behavior that violates our Community Guidelines.

Details: